DIRECTRICES CRISTIANAS DE ORDENACION SOCIAL (Registro nro. 38153)
[ vista simple ]
| 000 -LEADER | |
|---|---|
| fixed length control field | 00524nam a2200169 a 4500 |
| 001 - CONTROL NUMBER | |
| control field | 38153 |
| 005 - DATE AND TIME OF LATEST TRANSACTION | |
| control field | 20180714011329.0 |
| 008 - FIXED-LENGTH DATA ELEMENTS--GENERAL INFORMATION | |
| fixed length control field | 140415s1949 000 0 spa d |
| 041 ## - LANGUAGE CODE | |
| Language code of text/sound track or separate title | spa |
| 082 ## - DEWEY DECIMAL CLASSIFICATION NUMBER | |
| Classification number | 306.6 |
| Item number | MEN |
| 100 1# - MAIN ENTRY--PERSONAL NAME | |
| Personal name | MENEDEZ-REIGADA, ALBINO G. |
| 245 10 - TITLE STATEMENT | |
| Title | DIRECTRICES CRISTIANAS DE ORDENACION SOCIAL |
| 260 ## - PUBLICATION, DISTRIBUTION, ETC. | |
| Place of publication, distribution, etc. | [s.l.] : |
| Name of publisher, distributor, etc. | SEMINARIO DE PROBLEMAS HISPANOAMERICANOS, |
| Date of publication, distribution, etc. | 1949 |
| 300 ## - PHYSICAL DESCRIPTION | |
| Extent | 250 |
| 490 ## - SERIES STATEMENT | |
| Series statement | CUADERNOS DE MONOGRAFIAS |
| Volume/sequential designation | 6 |
| 650 14 - SUBJECT ADDED ENTRY--TOPICAL TERM | |
| Topical term or geographic name entry element | RELIGION Y SOCIOLOGIA |
| General subdivision | SOCIOLOGIA CRISTIANA |
| Withdrawn status | Lost status | Source of classification or shelving scheme | Damaged status | Not for loan | Collection code | Home library | Current library | Shelving location | Date acquired | Source of acquisition | Inventory number | Total Checkouts | Full call number | Barcode | Date last seen | Price effective from | Koha item type |
|---|---|---|---|---|---|---|---|---|---|---|---|---|---|---|---|---|---|
| Dewey Decimal Classification | General | Biblioteca Karol Wojtyla | Biblioteca Karol Wojtyla | Sala general | 03/12/2013 | Compra | 151000000000000000053196 | 306.6 MEN | 5746 | 05/01/2026 | 03/12/2013 | Libro |